000 00598nam a2200121Ia 4500
008 220620s9999||||xx |||||||||||||| ||und||
100 _aBirchall, Clare
245 0 _aKnowledge Goes Pop
_bFrom Conspiracy Theory to Gossip
546 _aEnglish[eng]
650 _acultural studies||sociology||culturele studies||sociologie||Conspiracy theory||Gossip||Jacques Derrida
856 _uhttps://library.oapen.org/bitstream/20.500.12657/34636/1/390769.pdf||https://library.oapen.org/bitstream/20.500.12657/34636/1/390769.pdf||https://library.oapen.org/bitstream/20.500.12657/34636/1/390769.pdf
942 _cEB
999 _c23734
_d23734